|
|
|
|
| LEADER |
01070nam a2200253 u 4500 |
| 001 |
10076527 |
| 003 |
upatras |
| 005 |
20220621135242.0 |
| 008 |
091001s1991 -usa eng |
| 040 |
|
|
|a GR-PaULI
|c GR-PaULI
|b gre
|
| 041 |
0 |
|
|a eng
|
| 082 |
0 |
4 |
|a 949.587
|
| 110 |
2 |
|
|9 155915
|a Poseidon Benevolent Society of Karpathos
|
| 245 |
1 |
4 |
|a The Potidaion of Karpathos island :
|b a historical and cultural visitation /
|c Poseidon Benevolent Society of Karpathos
|
| 260 |
|
|
|a New York :
|b Poseidon Benevolent Society of Karpathos,
|c 1991
|
| 300 |
|
|
|a 1 τ. :
|b εικ. ;
|c 30 εκ.
|
| 500 |
|
|
|a τ. 1. - 139, 96 σ. --
|
| 504 |
|
|
|a
|
| 651 |
0 |
4 |
|9 155916
|a Κάρπαθος (Δωδεκάνησος)
|x Ιστορία
|
| 651 |
|
0 |
|a Κάρπαθος (Δωδεκάνησος)
|x Κοινωνική ζωή και έθιμα
|9 155188
|
| 942 |
|
|
|2 ddc
|c BK15
|
| 952 |
|
|
|0 0
|1 0
|2 ddc
|3 τ.1
|4 0
|6 949_587000000000000_POS
|7 0
|9 78679
|a LISP
|b LISP
|c BSC
|d 2016-04-24
|i 094374
|l 0
|o 949.587 POS
|p 025000164964
|r 2016-04-24 00:00:00
|t 1
|y BK15
|
| 998 |
|
|
|c ΜΠΟΥΡΑΣ
|d 2016-07
|
| 999 |
|
|
|c 52386
|d 52386
|